000 00614nam a22001937a 4500
005 20251108172851.0
008 250721s9999 xx 000 0 ara d
082 1 4 _a211.81/أسع
100 1 _aالأسعد، حسام
_eمؤلف
245 1 0 _aيوسف - عليه السلام - قصة الإبتلاء و الإصطفاء /
264 1 _aد.م :
_bدار البيت العتيق،
_c[19-].
300 _a126 ص.
500 _a1026824 مكرر لكتاب آخر
650 1 7 _aالقرآن الكريم
650 1 7 _aقصص القرآن
650 1 7 _aالأنبياء
942 _2ddc
_cBK
999 _c90428
_d90428